000 00606nam a22001937a 4500
005 20240624155906.0
010 _aENG-140683
020 _a9788194715382
_c330.00
035 _aEN-124215
037 _aDBAD
082 _aN
100 _aFlynn, Justine
_967652
245 _aThe Unlisted:
_bBook Two - Rebellion
_cJustine Flynn [and] Chirs Kunz
260 _aGurugram
_bHachette Book Publishing India Pvt. Ltd.
_c2021
270 _a4th&5th Floors, Corporate Centre plot no. 94, Sector 44,
_bGurugram
_e122003
300 _a169p.
_c20 cm (pb)
700 _aKunz, Chris
_967089
942 _2ddc
_cEN
_hN
_mFLY
999 _c203662
_d203662